Az Estilo Fashion Hotel**** piaci pozíciójának elemzése, különös tekintettel a versenytársakra

Bibliográfiai részletek
Szerző: Fekete Szilvia
További közreműködők: Farkas Balázs
Dokumentumtípus: Diplomadolgozat
Kulcsszavak:Estilo
Hotel
Versenytárs
Piac
Online Access:http://dolgozattar.uni-bge.hu/23178

MARC

LEADER 00000nta a2200000 i 4500
001 dolg23178
005 20200226132006.0
008 191122suuuu hu om 000 hun d
040 |a BGE Dolgozattár Repozitórium  |b hun 
041 |a hu 
100 1 |a Fekete Szilvia 
245 1 3 |a Az Estilo Fashion Hotel**** piaci pozíciójának elemzése, különös tekintettel a versenytársakra  |c Fekete Szilvia  |h [elektronikus dokumentum] 
695 |a Estilo 
695 |a Hotel 
695 |a Versenytárs 
695 |a Piac 
700 1 |a Farkas Balázs  |e ths 
856 4 0 |u http://dolgozattar.uni-bge.hu/23178/1/Fekete_Szilvia_CTDN6A.pdf  |z Dokumentum-elérés